000 00779nam a2200217 a 4500
003 MX-MxUPN
005 20240427063717.0
008 991125s1853 mx r 000 0 spa d
035 _aUPN01000024771
040 _aMX-MxUPN
_bspa
_cMX-MxUPN
041 0 _aspa
050 1 4 _aGB53
_bC6.38 1853
100 1 _aCortambert, Eugene,
_d1805-1881
_931911
245 1 0 _aFisiografía :
_bdescripción general de la naturaleza para servir de introducción a las ciencias geográficas
260 _aMéxico :
_bImprenta de Ignacio Cumplido,
_c1853.
300 _a464 páginas
650 4 _aGeografía
_xEstudio y enseñanza
_910181
700 1 _aFernández del Castillo, Pedro
_951627
_etraducción
710 2 _aInstituto Durango (México)
_951628
_epropietario anterior
942 _2lcc
_cLIBRO
999 _c24771
_d24771